| 000 | 00673 a2200205 4500 | ||
|---|---|---|---|
| 001 | 27726 | ||
| 005 | 20260407155551.0 | ||
| 008 | 260407a1997 arg spa d | ||
| 003 | AR-UNSa-BCEJYS | ||
| 040 |
_aAR-UNSa-BCEJYS _bspa _cAR-UNSa-BCEJYS |
||
| 080 |
_a347.63 _xFiliación. Paternidad. Padres e hijos |
||
| 245 | 1 | 0 | _aVisión jurisprudencial de la filiación |
| 020 | _a950-727-136-8 | ||
| 264 | 1 |
_aBuenos Aires : _bRubinzal-Culzoni Editores _c1997 |
|
| 300 |
_a368 p. _c22 cm. |
||
| 505 | _a1. Ley aplicable - 2. Interpretación del derecho privado vigente | ||
| 942 | _cBK | ||
| 590 | _aniveau_biblio:m niveau_hierar:0 | ||
| 100 | 1 | _aMéndez Costa, María Josefa | |
| 999 |
_c1622 _d1622 |
||